• 首页
  • 本馆介绍
  • 公告通知
  • 最新文献
  • 馆藏检索
  • 电子资源
  • 读者导购
  • 参考咨询
  • 我的图书馆
  • 登录
  • 详细信息显示
  • 放入我的书架
  • 预约/预借图书
  • 作者相关作品
  • 分类相关作品
  • 丛书相关作品
  • 出版社相关作品

书目信息

  • 表格格式
  • 工作单格式
  • 卡片格式
题名:
幽默随心所欲
    
 
作者: 王笑东 著
分册:  
出版信息: 北京   九州出版社  2001.9
页数: 385页
开本: 21cm
丛书名: 睿智自助丛书
单 册:
中图分类: B848.5
科图分类:
主题词: 幽默 (美学)--通俗读物
电子资源:
ISBN: 7-80114-678-6
000 00806nam0 2200265 45
001 0120000058
005 20031219104121.6
010    @a7-80114-678-6@dCNY22.00
100    @a20011130d2001 em y0chiy0120 ea
101 0  @achi
102    @aCN@b110000
105    @aa z 000yy
106    @ar
200 1  @a幽默随心所欲@Ayou mo sui xin suo yu@d= Humor as you wish@e瞬间赢得别人的好感@f王笑东著@zeng
210    @a北京@c九州出版社@d2001.9
215    @a385页@c图@d21cm
225 2  @a睿智自助丛书
410  0 @12001 @a睿智自助丛书
510 1  @aHumor as you wish@zeng
517 1  @a瞬间赢得别人的好感@Ashun jian ying de bie ren de hao gan
606 0  @a幽默 (美学)@j通俗读物
690    @aB848.5
701  0 @a王笑东@Awang xiao dong@4著
801    @aCN@bTSTC@c20031117
905    @b328321-325@dB848.5@e373@f5
    
    幽默随心所欲= Humor as you wish:瞬间赢得别人的好感/王笑东著.-北京:九州出版社,2001.9
    385页:图;21cm.-(睿智自助丛书)
    
    
    ISBN 7-80114-678-6:CNY22.00
    
●
相关链接 在E读中查询图书 在五车中查询图书 在当当中查询图书 在豆瓣中查询图书


正题名:幽默随心所欲     索取号:B848.5/373         预约/预借

序号 登录号 条形码 馆藏地/架位号 状态 备注
1 0328321   203283213   第一借阅区/ [索取号:B848.5/373] 在馆    
2 0328322   203283222   第一借阅区/ [索取号:B848.5/373] 在馆    
3 0328323   203283231   第一借阅区/ [索取号:B848.5/373] 在馆    
4 0328324   203283240   密集书库/ [索取号:B848.5/373] 在馆    
5 0328325   203283259   第一样本阅览室/ [索取号:B848.5/373] 在馆    
唐山师范学院图书馆 欢迎您!
大连网信软件有限公司© 版权所有